Score 0/24 Timer 03:00
1 Play Today
Hint Answer % Correct
F. Scott ____Fitzgerald
95.7%
____ OrwellGeorge
94.6%
T. S. ____Eliot
92.3%
Tennessee ____Williams
90.8%
Harper ____Lee
90.3%
____ CapoteTruman
87.9%
Maya ____Angelou
83.9%
____ KerouacJack
79.7%
____ AsimovIsaac
77.9%
Sylvia ____Plath
73.7%
Salman ____Rushdie
72.5%
____ SinclairUpton
67.9%
Hint Answer % Correct
Toni ____Morrison
67.5%
Langston ____Hughes
66.5%
Joyce Carol ____Oates
55.5%
____ BellowSaul
54.1%
Bertolt ____Brecht
41%
Pablo ____Neruda
39.2%
____ Neale HurstonZora
35.6%
____ DeLilloDon
26.2%
____ AchebeChinua
24.3%
Milan ____Kundera
20.9%
Mario ____ LlosaVargas
16.1%
Lu ____Xun
5.4%

Today's Daily Dose

Missing Word
I Hardly Know Her!

Word Ladder
Sentence Ending

Quick Pick
Female Firsts

Get the Picture
Triathlon Sports

Remove Ads.
Support Sporcle.
Get the best of Sporcle when you Go Orange. This ad-free experience offers more features, more stats, and more fun while also helping to support Sporcle. Thank you for becoming a member.

You're not logged in!

Compare scores with friends on all Sporcle quizzes.
OR
Log In

Show Comments

Extras

Top Quizzes Today


Score Distribution

Your Account Isn't Verified!

In order to create a playlist on Sporcle, you need to verify the email address you used during registration. Go to your Sporcle Settings to finish the process.

Report this User

Report this user for behavior that violates our Community Guidelines.

Details: